Inside culture : re-imagining the method of cultural studies (Record no. 215795)

MARC details
000 -LEADER
fixed length control field 00664nam a2200217Ia 4500
008 - FIXED-LENGTH DATA ELEMENTS--GENERAL INFORMATION
fixed length control field 191130s2000##################000#0#eng##
020 ## - INTERNATIONAL STANDARD BOOK NUMBER
ISBN 9780761963868
082 ## - DEWEY DECIMAL CLASSIFICATION NUMBER
Classification number 306 COU
100 ## - MAIN ENTRY--AUTHOR NAME
Personal name Couldry, Nick
245 ## - TITLE STATEMENT
Title Inside culture : re-imagining the method of cultural studies
Statement of responsibility, etc Nick Couldry
260 ## - PUBLICATION, DISTRIBUTION, ETC. (IMPRINT)
Place of publication Thousand Oaks, CA
Name of publisher Sage
Year of publication 2000
300 ## - PHYSICAL DESCRIPTION
Number of Pages x, 166 p. : ill. ; 24 cm
500 ## - GENERAL NOTE
General note Includes bibliographical references (p. [145]-161) and index
650 ## - SUBJECT ADDED ENTRY--TOPICAL TERM
Topical Term Culture
Topical Term Culture - Study and teaching
991 ## -
-- 16362
Holdings
Withdrawn status Lost status Damaged status Not for loan Home library Current library Shelving location Date acquired Full call number Accession Number Price effective from Koha item type
        Anna Centenary Library Anna Centenary Library 3RD FLOOR, B WING 13.10.2020 306 COU 163743 13.10.2020 English Books

Find us on the map